Logo biblioteca
Santa Fe 2917, Rosario, Santa Fe
Lu-Vi 8 a 19.45
+54-341-4232362
bibliotecaeudoro@gmail.com
Facebook Biblioteca Pedagógica
Sitio web

La indagación del ambiente en la educación inicial. (Registro nro. 32619)

Detalles MARC
000 -CABECERA
campo fijo de control de longitud 01494nab a2200289 4500
003 - IDENTIFICADOR DEL NÚMERO DE CONTROL
campo de control AR-RoBPED
005 - FECHA Y HORADE LA ULTIMA TRANSACCION
campo de control 20260424092707.0
008 - ELEMENTOS DE LONGITUD FIJA--INFORMACION GENERAL
campo fijo de control de longitud 260424b |||||||| |||| 00| 0 spa d
040 ## - FUENTE CATALOGADORA
Centro catalogador/agencia de origen AR-RoBPED
041 ## - IDIOMA
Código de idioma para texto/pista de sonido o título independiente spa
100 1# - ENCABEZAMIENTO PRINCIPAL--AUTOR PERSONAL
Nombre de persona Magnin, Laura A.
9 (RLIN) 30807
Función Licenciada en Educación Inicial
245 13 - TITULO
Título La indagación del ambiente en la educación inicial.
Subtítulo De la observación al juego /
260 ## - PUBLICACION
Lugar Buenos Aires :
Editor Noveduc,
Fecha 2024
300 ## - DESCRIPCION FISICA
Extensión 42-45 p.
500 ## - NOTA GENERAL
Nota general En la educación inicial, las ciencias naturales y las ciencias sociales se presentan como un entramado de relaciones. La indagación, mediante diferentes recursos, se profundiza con distintos recortes de la realidad, fomentando la curiosidad y el descubrimiento. Transformar el jardín de infantes en un laboratorio provoca la exploración en el aula, en el patio, en la vereda... La variedad de contextos invita a que la investigación logre estimular los sentidos y el interés por aprender y sorprenderse.
650 #7 - TERMINO DE MATERIA--CONTROLADO
Término controlado NIVEL INICIAL
9 (RLIN) 1213
Término controlado CIENCIAS SOCIALES
9 (RLIN) 571
Término controlado CIENCIAS NATURALES
9 (RLIN) 535
Término controlado JUEGO
9 (RLIN) 374
Término controlado JARDINES DE INFANTES
9 (RLIN) 27376
Término controlado DIDACTICA
9 (RLIN) 167
Término controlado ROL DEL DOCENTE
9 (RLIN) 869
Término controlado OBSERVACION DE LA CLASE
9 (RLIN) 5389
773 0# - DOCUMENTO FUENTE
Host Biblionumber 20414
Host Itemnumber 41866
Place, publisher, and date of publication Buenos Aires : Noveduc, 1993-
Título Novedades Educativas
Record control number (AR-RoBPED)20414
International Standard Serial Number 03283534
942 ## - ELEMENTOS KOHA
Fuente de clasificación Universal Decimal Classification
Koha tipo de ítem Revistas
Clasificación 37(05)
Signatura librística Nov 86 N° 398 (Sept.2024)
Número Koha k.32619
945 ## - PROCESAMIENTO DE LA INFORMACIÓN LOCAL
Catalogador y fecha mar 04/2026

No hay ítems disponibles.